[Event "GER-chT School WK GS"]
[Site "Playchess.com INT"]
[Date "2020.06.18"]
[Round "5.4"]
[White "Hoehndorf, Julian"]
[Black "Marx, Thomas1111"]
[Result "0-1"]
[WhiteElo "1686"]
[BlackElo "1554"]
[PlyCount "98"]
[EventDate "2020.06.11"]
[EventType "team-swiss (blitz)"]
[EventRounds "7"]
[EventCountry "GER"]
[SourceTitle "EXT 2021"]
[Source "ChessBase"]
[SourceDate "2020.10.23"]
[SourceVersion "1"]
[SourceVersionDate "2020.10.23"]
[SourceQuality "1"]
[WhiteTeam "Berlin Alt Schmar"]
[BlackTeam "Sennewitz Sah"]
[WhiteTeamCountry "GER"]
[BlackTeamCountry "GER"]

1. d3 d5 2. Nf3 Nc6 3. e4 dxe4 4. dxe4 Qxd1+ 5. Kxd1 Bg4 6. Be2 0-0-0+ 7. Ke1 Nf6 8. Nbd2 e6 9. h3 Bh5 10. Kf1 Bc5 11. Kg1 h6 12. Kh2 Bxf2 13. Rf1 Bc5 14. Kh1 Bg6 15. Nc4 Nxe4 16. Be3 Bxe3 17. Nxe3 Ng3+ 18. Kg1 Nxe2+ 19. Kf2 Ned4 20. Kg1 Nxc2 21. Nxc2 Bxc2 22. Rac1 Bd3 23. Rcd1 Be2 24. Rxd8+ Rxd8 25. Re1 Bd3 26. Nd2 Bb5 27. Ne4 Ba4 28. b3 Bb5 29. Nc5 b6 30. Ne4 f5 31. Ng3 Nd4 32. Re3 Nc2 33. Rxe6 Rd1+ 34. Kh2 Bd7 35. Re7 g5 36. Nh5 f4 37. Rf7 Bc6 38. Rf8+ Kb7 39. Nf6 Rd2 40. Ng4 Rxg2+ 41. Kh1 Rxg4+ 42. Kh2 Rh4 43. Rf5 Ne3 44. Re5 Ng4+ 45. Kg1 Nxe5 46. Kh2 f3 47. Kg1 Nd3 48. Kf1 Rxh3 49. b4 Rh1# 0-1